[Event "ch-NED Rapid Women 2015"]
[Site "Amstelveen NED"]
[Date "2015.10.04"]
[Round "6.1"]
[White "Lanchava, Tea"]
[Black "De Jong-Muhren, Bianca"]
[Result "0-1"]
[WhiteTitle "IM"]
[BlackTitle "WGM"]
[WhiteElo "2276"]
[BlackElo "2300"]
[WhiteFideId "1005308"]
[BlackFideId "1008498"]
[EventDate "2015.10.04"]
[EventType "rapid"]

1. Nf3 d5 2. b3 Nf6 3. Bb2 e6 4. e3 Be7 5. d4 O-O 6. Bd3 b6 7. Ne5 Bb7 8. O-O
Nbd7 9. f4 Ne4 10. Nd2 f5 11. c4 Nxe5 12. fxe5 Bg5 13. Qe2 c5 14. Nf3 Bh6 15.
Rad1 Qe7 16. cxd5 Bxd5 17. Bc4 Rad8 18. Rfe1 Rd7 19. Rd3 Rc8 20. Ba6 Rcd8 21.
Bb5 Rc7 22. Red1 g5 23. Nd2 g4 24. Nc4 Qh4 25. Qe1 g3 26. h3 Nf2 27. e4 Nxd3 28.
Rxd3 Qxe4 29. Rxg3+ Kh8 30. Qxe4 Bxe4 31. Nd6 Bd5 32. Be8 Bf4 33. Rd3 Kg7 34. g3
Bg5 35. g4 f4 36. dxc5 Rxc5 37. Bc3 Be4 38. Rd4 Rxc3 39. Rxe4 Rc2 40. h4 Be7 41.
Rxf4 Bxd6 42. Rf7+ Kg8 43. exd6 Rxe8 44. Rxa7 Rd8 45. d7 Rd2 46. Rb7 Rxa2 0-1

[Event "ch-NED Rapid Women 2015"]
[Site "Amstelveen NED"]
[Date "2015.10.04"]
[Round "6.2"]
[White "Keetman, Maaike"]
[Black "Schut, Lisa"]
[Result "0-1"]
[BlackTitle "WIM"]
[WhiteElo "2115"]
[BlackElo "2262"]
[WhiteFideId "1033697"]
[BlackFideId "1019481"]
[EventDate "2015.10.04"]
[EventType "rapid"]

1. e4 c5 2. Nf3 d6 3. d4 cxd4 4. Nxd4 Nf6 5. Nc3 a6 6. Be3 Ng4 7. Bg5 h6 8. Bh4
g5 9. Bg3 Bg7 10. h3 Ne5 11. Nf5 Bxf5 12. exf5 Nbd7 13. Nd5 Rc8 14. c3 Nf6 15.
Ne3 Qa5 16. Bd3 Nh5 17. O-O Nxg3 18. fxg3 Qc5 19. Qe2 O-O 20. Kh2 Bf6 21. Be4 b5
22. a4 Rb8 23. Rfd1 Nc4 24. Ng4 Kg7 25. Rd5 Qc7 26. axb5 axb5 27. Qf2 b4 28. Ra7
Qb6 29. Qxb6 Nxb6 30. Nxf6 Kxf6 31. Rb5 bxc3 32. bxc3 Nc4 33. Rbb7 Rxb7 34. Rxb7
Rc8 35. g4 Nd2 36. Bd5 Rxc3 37. Rb8 Nf1+ 38. Kg1 Ne3 39. Bf3 d5 40. Kf2 d4 41.
Rb6+ e6 42. Ke2 Nc4 43. Rb5 Ne5 44. fxe6 fxe6 45. Rb4 Rc2+ 46. Kd1 Rc4 47. Rb8
Ra4 48. Rf8+ Ke7 49. Rh8 d3 50. Rxh6 Nc4 51. Rh7+ Kd6 52. Ke1 e5 53. Rg7 Ra1+
54. Kf2 d2 55. Rxg5 e4 56. Be2 e3+ 57. Kf3 Rf1+ 58. Ke4 d1=Q 59. Bxd1 Rxd1 60.
Rg6+ Kc5 61. Kf3 Ne5+ 0-1

[Event "ch-NED Rapid Women 2015"]
[Site "Amstelveen NED"]
[Date "2015.10.04"]
[Round "6.3"]
[White "Paulet, Iozefina"]
[Black "Peng, Zhaoqin"]
[Result "1-0"]
[WhiteTitle "WGM"]
[BlackTitle "GM"]
[WhiteElo "2184"]
[BlackElo "2376"]
[WhiteFideId "1213261"]
[BlackFideId "1004786"]
[EventDate "2015.10.04"]
[EventType "rapid"]

1. e4 c5 2. Nc3 Nc6 3. Bb5 Nd4 4. Bc4 e6 5. Nf3 a6 6. Nxd4 cxd4 7. Ne2 Bc5 8.
O-O Ne7 9. a3 O-O 10. b4 Ba7 11. Bb2 e5 12. d3 d5 13. exd5 Nxd5 14. Ng3 b5 15.
Bb3 Kh8 16. Re1 f6 17. Bc1 Bb7 18. Qg4 Qc8 19. Qxc8 Raxc8 20. Ne4 Rfd8 21. Bd2
h6 22. g4 Bb6 23. a4 Rc7 24. a5 Ba7 25. h4 Re7 26. Ng3 Bc8 27. Nf5 Rc7 28. f4 h5
29. fxe5 hxg4 30. Nd6 Be6 31. Ne4 fxe5 32. Ng5 Bg8 33. Rxe5 Nf6 34. Ne6 Bxe6 35.
Rxe6 Bb8 36. Rae1 Kh7 37. Bg5 Ra7 38. Bxf6 gxf6 39. Rxf6 Bg3 40. Ree6 1-0

[Event "ch-NED Rapid Women 2015"]
[Site "Amstelveen NED"]
[Date "2015.10.04"]
[Round "6.4"]
[White "Kazarian, Anna-Maja"]
[Black "Haast, Anne"]
[Result "1/2-1/2"]
[WhiteTitle "WFM"]
[BlackTitle "WGM"]
[WhiteElo "2259"]
[BlackElo "2384"]
[WhiteFideId "1033689"]
[BlackFideId "1017292"]
[EventDate "2015.10.04"]
[EventType "rapid"]

1. e4 c5 2. Nf3 e6 3. d4 cxd4 4. Nxd4 Nc6 5. Nb5 d6 6. c4 Nf6 7. N1c3 a6 8. Na3
b6 9. Bf4 Be7 10. Be2 O-O 11. O-O Bb7 12. Qd2 Rc8 13. Rfd1 Ne5 14. f3 Qc7 15.
Rac1 Qb8 16. Be3 Nfd7 17. f4 Nc6 18. Na4 Ba8 19. b4 Rfd8 20. Qe1 a5 21. bxa5
bxa5 22. Nb5 Nc5 23. Nxc5 dxc5 24. Bf3 Bb7 25. Qf2 Nb4 26. Qe2 Qa8 27. a3 Nc6
28. e5 Nd4 29. Nxd4 cxd4 30. Bxb7 Qxb7 31. Rxd4 Bxa3 32. Rxd8+ Rxd8 33. Rd1
Rxd1+ 34. Qxd1 Qc8 35. Qd4 h6 36. c5 Bb4 37. h3 Qc6 38. Kf2 Kh7 39. Qd3+ Kg8 40.
Qd8+ Kh7 41. Qb6 Qe4 42. c6 g5 43. fxg5 Bc3 44. c7 Qc2+ 45. Kf3 Bxe5 46. Qxa5
Bxc7 47. Qb5 hxg5 48. Qxg5 Qf5+ 49. Qxf5+ exf5 50. Bf4 Bd8 1/2-1/2

[Event "ch-NED Rapid Women 2015"]
[Site "Amstelveen NED"]
[Date "2015.10.04"]
[Round "7.1"]
[White "Haast, Anne"]
[Black "Lanchava, Tea"]
[Result "1-0"]
[WhiteTitle "WGM"]
[BlackTitle "IM"]
[WhiteElo "2384"]
[BlackElo "2276"]
[WhiteFideId "1017292"]
[BlackFideId "1005308"]
[EventDate "2015.10.04"]
[EventType "rapid"]

1. e4 g6 2. d4 Bg7 3. Nf3 d6 4. Bd3 Nc6 5. c3 e5 6. dxe5 Nxe5 7. Nxe5 dxe5 8.
O-O Be6 9. Na3 Ne7 10. Qe2 O-O 11. Nc4 c6 12. a4 Qc7 13. f4 f6 14. fxe5 fxe5 15.
Bg5 h6 16. Be3 b6 17. a5 b5 18. Nd2 Rfd8 19. Rfd1 Rab8 20. b4 g5 21. Nf1 Ng6 22.
g3 Kh7 23. Bf2 a6 24. Ne3 c5 25. Nd5 Qc8 26. Qe1 c4 27. Be2 Rf8 28. Bh5 Qb7 29.
Qe2 Rf7 30. Bg4 Qc8 31. Bxe6 Qxe6 32. Rf1 Rd7 33. Bc5 g4 34. Rf2 h5 35. Raf1
Rxd5 36. exd5 Qxd5 37. Rf5 Qd3 38. Rxh5+ Kg8 39. Qxg4 Re8 40. Rg5 Kh7 41. Qh5+
Bh6 42. Rf7+ Kg8 43. Rxg6+ Kxf7 44. Rxh6+ 1-0

[Event "ch-NED Rapid Women 2015"]
[Site "Amstelveen NED"]
[Date "2015.10.04"]
[Round "7.2"]
[White "Peng, Zhaoqin"]
[Black "Kazarian, Anna-Maja"]
[Result "1-0"]
[WhiteTitle "GM"]
[BlackTitle "WFM"]
[WhiteElo "2376"]
[BlackElo "2259"]
[WhiteFideId "1004786"]
[BlackFideId "1033689"]
[EventDate "2015.10.04"]
[EventType "rapid"]

1. c4 e5 2. Nc3 Nf6 3. Nf3 Nc6 4. e4 Bc5 5. Nxe5 Nxe5 6. d4 Bd6 7. c5 Bxc5 8.
dxe5 Ng8 9. Qg4 g6 10. Qf3 Bd4 11. Bc4 f6 12. Bf4 c6 13. O-O-O fxe5 14. Bxe5
Qg5+ 15. Bf4 Qc5 16. Bf7+ Kd8 17. Rxd4 Qxd4 18. Bg5+ Kc7 19. Rd1 Qc5 20. Qg3+ d6
21. Rxd6 Qxd6 22. Bf4 Qxf4+ 23. Qxf4+ Kb6 24. Qe5 Nh6 25. Bc4 a5 26. Qxh8 Ng4
27. h3 Nxf2 28. Qd4+ 1-0

[Event "ch-NED Rapid Women 2015"]
[Site "Amstelveen NED"]
[Date "2015.10.04"]
[Round "7.3"]
[White "Schut, Lisa"]
[Black "Paulet, Iozefina"]
[Result "1-0"]
[WhiteTitle "WIM"]
[BlackTitle "WGM"]
[WhiteElo "2262"]
[BlackElo "2184"]
[WhiteFideId "1019481"]
[BlackFideId "1213261"]
[EventDate "2015.10.04"]
[EventType "rapid"]

1. e4 e6 2. d4 d5 3. Nc3 Nf6 4. Bg5 Bb4 5. e5 h6 6. Bd2 Bxc3 7. bxc3 Ne4 8. Qg4
g6 9. Bd3 Nxd2 10. Kxd2 c5 11. h4 Qc7 12. h5 g5 13. f4 gxf4 14. Qg7 Rf8 15. Qxh6
cxd4 16. cxd4 Nc6 17. Ne2 Bd7 18. Qf6 Nb4 19. Ke1 Nxc2+ 20. Bxc2 Qxc2 21. Rc1
Qe4 22. Qxf4 Qxg2 23. Rh2 Qg8 24. h6 Qh7 25. Ng3 Bc6 26. Qh4 Kd7 27. Nh5 Qd3 28.
Nf6+ Kc7 29. Qf2 Rh8 30. h7 Raf8 31. Qd2 Qg3+ 32. Kd1 Kb8 33. Rxc6 Qg1+ 34. Kc2
bxc6 35. Nd7+ Ka8 36. Nxf8 Qg7 37. Qb4 Qg1 38. Rd2 Qh1 39. Qd6 Qe4+ 40. Kb2 Kb7
41. Nd7 Qe1 42. Rc2 c5 43. Nxc5+ 1-0

[Event "ch-NED Rapid Women 2015"]
[Site "Amstelveen NED"]
[Date "2015.10.04"]
[Round "7.4"]
[White "De Jong-Muhren, Bianca"]
[Black "Keetman, Maaike"]
[Result "1-0"]
[WhiteTitle "WGM"]
[WhiteElo "2300"]
[BlackElo "2115"]
[WhiteFideId "1008498"]
[BlackFideId "1033697"]
[EventDate "2015.10.04"]
[EventType "rapid"]

1. e4 c5 2. Nc3 e6 3. Nf3 a6 4. d4 cxd4 5. Nxd4 Qc7 6. Bd3 Nf6 7. O-O Nc6 8.
Nxc6 bxc6 9. f4 d5 10. e5 Nd7 11. Ne2 c5 12. c4 Bb7 13. Nc3 Nb6 14. b3 Rd8 15.
Qe2 Qc6 16. Rf3 Be7 17. Bb2 dxc4 18. bxc4 O-O 19. Raf1 f5 20. exf6 Bxf6 21. Rh3
g6 22. Be4 Qc7 23. Bxb7 Qxb7 24. Qxe6+ Kg7 25. Ba1 Rfe8 26. Rxh7+ Kxh7 27. Qxf6
Nxc4 28. Ne4 Rxe4 29. Qh4+ Kg8 30. Qh8+ Kf7 31. Qg7+ Ke6 32. Qxb7 Nd2 33. Qxa6+
Rd6 34. Qc8+ Kd5 35. Rd1 Kc4 36. Qg8+ Kd3 37. Qb3+ Ke2 38. Qc2 Rd3 39. Rxd2+ 1-0